000 00475nam a2200193Ia 4500
003 GCL
008 140319s9999 xx 000 0 eng d
040 _aGCL /
_cGCL
082 0 4 _a891.7
_bC T
100 1 _aCHEKHOV, A
245 1 0 _aTHREE YEARS /
_cCHEKHOV, A
700 1 _aPROKOFIEVA, ROSE
260 _a[S.N] :
_bFOREIGN LANGUAGES PUBLISHING HOUSE
300 _a139 P
650 0 4 _aLITERATURE
650 0 4 _aFICTION
650 0 4 _aRUSSIAN LITERATURE
942 _2ddc
_cBK
999 _c14978
_d14978